Milan Biggest Transfers - Statistics

General Stats
  • This quiz has been taken 67 times
  • The average score is 116 of 277
Answer Stats
% Correct
Incomings Portugal LW Rafael Leao 19/20 Lille
94%
Incomings Ukraine ST Andriy Shevchenko 99/00 Dynamo Kyiv
91%
Outgoings Ukraine ST Andriy Shevchenko 06/07 Chelsea
91%
Incomings Italy CB Leonardo Bonucci 17/18 Juventus
91%
Outgoings Italy CB Leonardo Bonucci 18/19 Juventus
91%
Incomings Portugal ST Andre Silva 17/18 Porto
89%
Outgoings Portugal ST Andre Silva 18/19 Sevilla
89%
Outgoings Portugal ST Andre Silva 20/21 Eintracht Frankfurt
89%
Incomings Brazil AM Kaka 03/04 Sao Paulo
89%
Outgoings Brazil AM Kaka 09/10 Real Madrid
89%
Incomings Italy DM Sandro Tonali 21/22 Brescia
89%
Incomings Italy DM Sandro Tonali 20/21 Brescia
89%
Outgoings Italy DM Sandro Tonali 23/24 Newcastle United
89%
Incomings Brazil CB Thiago Silva 08/09 Fluminense
89%
Outgoings Brazil CB Thiago Silva 12/13 Paris Saint-Germain
89%
Incomings Sweden ST Zlatan Ibrahimovic 11/12 Barcelona
89%
Incomings Sweden ST Zlatan Ibrahimovic 10/11 Barcelona
89%
Outgoings Sweden ST Zlatan Ibrahimovic 12/13 Paris Saint-Germain
89%
Incomings Italy CB Alessandro Nesta 02/03 Lazio
87%
Incomings England CB Fikayo Tomori 21/22 Chelsea
87%
Incomings United States RW Christian Pulisic 23/24 Chelsea
85%
Incomings France RM Ibrahim Ba 97/98 Bordeaux
85%
Incomings France LB Theo Hernandez 19/20 Real Madrid
85%
Incomings Brazil LW Ronaldinho 08/09 Barcelona
83%
Outgoings Brazil LW Ronaldinho 10/11 Flamengo
83%
Incomings Italy ST Mario Balotelli 12/13 Manchester City
81%
Outgoings Italy ST Mario Balotelli 14/15 Liverpool
81%
Incomings Brazil LW Robinho 10/11 Manchester City
81%
Incomings Italy ST Filippo Inzaghi 01/02 Juventus
77%
Incomings Ivory Coast CM Franck Kessie 19/20 Atalanta
77%
Incomings Poland ST Krzysztof Piatek 18/19 Genoa
77%
Outgoings Poland ST Krzysztof Piatek 19/20 Hertha Berlin
77%
Incomings Brazil ST Ronaldo 06/07 Real Madrid
77%
Incomings Netherlands CM Clarence Seedorf 02/03 Inter Milan
75%
Incomings France GK Mike Maignan 21/22 Lille
75%
Incomings Colombia ST Carlos Bacca 15/16 Sevilla
72%
Outgoings Colombia ST Carlos Bacca 18/19 Villarreal
72%
Outgoings Colombia ST Carlos Bacca 17/18 Villarreal
72%
Incomings Brazil AM Lucas Paqueta 18/19 Flamengo
72%
Outgoings Brazil AM Lucas Paqueta 20/21 Lyon
72%
Incomings England CM Ruben Loftus-Cheek 23/24 Chelsea
72%
Incomings Portugal AM Rui Costa 01/02 Fiorentina
72%
Outgoings Spain RW Suso 20/21 Sevilla
72%
Incomings Spain AM Brahim Diaz 21/22 Real Madrid
68%
Incomings Turkey DM Hakan Calhanoglu 17/18 Bayer Leverkusen
68%
Incomings Algeria DM Ismael Bennacer 19/20 Empoli
68%
Incomings Italy CB Alessio Romagnoli 15/16 Roma
66%
Incomings Brazil ST Alexandre Pato 07/08 Internacional
66%
Outgoings Brazil ST Alexandre Pato 12/13 Corinthians
66%
Incomings Croatia LW Ante Rebic 20/21 Eintracht Frankfurt
66%
Incomings Liberia ST George Weah 95/96 Paris Saint-Germain
66%
Incomings Croatia ST Nikola Kalinic 18/19 Fiorentina
66%
Incomings Croatia ST Nikola Kalinic 17/18 Fiorentina
66%
Outgoings Croatia ST Nikola Kalinic 18/19 Atletico Madrid
66%
Incomings Italy DM Andrea Pirlo 01/02 Inter Milan
64%
Incomings Belgium AM Charles De Ketelaere 22/23 Club Brugge
64%
Outgoings Belgium AM Charles De Ketelaere 23/24 Atalanta
64%
Incomings Argentina ST Gonzalo Higuain 18/19 Juventus
64%
Incomings Netherlands ST Klaas-Jan Huntelaar 09/10 Real Madrid
64%
Outgoings Netherlands ST Klaas-Jan Huntelaar 10/11 Schalke
64%
Incomings Italy RB Gianluca Zambrotta 08/09 Barcelona
62%
Incomings France ST Olivier Giroud 21/22 Chelsea
62%
Incomings Switzerland CB Ricardo Rodriguez 17/18 Wolfsburg
62%
Outgoings Switzerland CB Ricardo Rodriguez 20/21 Torino
62%
Incomings Denmark CB Simon Kjaer 20/21 Sevilla
62%
Outgoings Netherlands CM Edgar Davids 97/98 Juventus
60%
Incomings Switzerland ST Noah Okafor 23/24 RB Salzburg
60%
Incomings Spain RW Samu Castillejo 18/19 Villarreal
60%
Incomings United States CM Yunus Musah 23/24 Valencia
60%
Incomings France ST Jean-Pierre Papin 92/93 Marseille
58%
Outgoings France ST Jean-Pierre Papin 94/95 Bayern Munich
58%
Incomings Argentina DM Lucas Biglia 17/18 Lazio
58%
Incomings Germany CB Malick Thiaw 22/23 Schalke
58%
Incomings Bosnia DM Rade Krunic 19/20 Empoli
58%
Incomings Nigeria RW Samuel Chukwueze 23/24 Villarreal
58%
Incomings Netherlands CM Tijjani Reijnders 23/24 AZ Alkmaar
58%
Incomings Colombia CB Cristian Zapata 13/14 Villarreal
57%
Incomings Ghana AM Kevin-Prince Boateng 11/12 Genoa
57%
Incomings Ghana AM Kevin-Prince Boateng 10/11 Genoa
57%
Outgoings Ghana AM Kevin-Prince Boateng 13/14 Schalke
57%
Incomings Italy CB Mattia Caldara 18/19 Juventus
57%
Incomings Netherlands DM Nigel de Jong 12/13 Manchester City
57%
Incomings Netherlands AM Ruud Gullit 87/88 PSV
57%
Incomings France DM Tiemoue Bakayoko 18/19 Chelsea
57%
Incomings France DM Tiemoue Bakayoko 21/22 Chelsea
57%
Incomings Italy ST Alberto Gilardino 05/06 Parma
55%
Outgoings Italy ST Alberto Gilardino 08/09 Fiorentina
55%
Incomings Belgium RW Alexis Saelemaekers 20/21 Anderlecht
55%
Incomings Belgium RW Alexis Saelemaekers 19/20 Anderlecht
55%
Incomings Italy LW Fabio Borini 18/19 Sunderland
55%
Incomings Italy CM Gennaro Gattuso 99/00 Salernitana
55%
Incomings Netherlands CB Jaap Stam 04/05 Lazio
55%
Outgoings Netherlands CB Jaap Stam 06/07 Ajax
55%
Incomings Brazil ST Luiz Adriano 15/16 Shakhtar Donetsk
55%
Incomings France CB Marcel Desailly 93/94 Marseille
53%
Outgoings France CB Marcel Desailly 98/99 Chelsea
53%
Incomings Czech Republic LB Marek Jankulovski 05/06 Udinese
53%
Outgoings Italy ST Patrick Cutrone 19/20 Wolverhampton Wanderers
53%
Outgoings Netherlands ST Patrick Kluivert 98/99 Barcelona
53%
Incomings Italy LW Stephan El Shaarawy 11/12 Genoa
53%
Outgoings Italy LW Stephan El Shaarawy 16/17 Roma
53%
Outgoings Italy LW Stephan El Shaarawy 15/16 Monaco
53%
Outgoings Italy LW Stephan El Shaarawy 15/16 Roma
53%
Incomings Netherlands DM Frank Rijkaard 88/89 Sporting CP
51%
Incomings Brazil RW Junior Messias 22/23 Crotone
51%
Outgoings Brazil RW Junior Messias 23/24 Genoa
51%
Incomings Georgia CB Kakhaber Kaladze 00/01 Dynamo Kyiv
51%
Incomings Italy RB Andrea Conti 17/18 Atalanta
49%
Incomings Senegal LB Fode Ballo-Toure 21/22 Monaco
49%
Incomings Peru ST Gianluca Lapadula 16/17 Pescara
49%
Outgoings Peru ST Gianluca Lapadula 18/19 Genoa
49%
Outgoings Italy RB Mattia De Sciglio 17/18 Juventus
49%
Incomings France AM Yoann Gourcuff 06/07 Rennes
49%
Outgoings France AM Yoann Gourcuff 09/10 Bordeaux
49%
Outgoings France AM Yoann Gourcuff 08/09 Bordeaux
49%
Incomings Germany GK Jens Lehmann 98/99 Schalke
47%
Outgoings Germany GK Jens Lehmann 98/99 Borussia Dortmund
47%
Incomings Norway LW Jens Petter Hauge 20/21 Bodo/Glimt
47%
Outgoings Norway LW Jens Petter Hauge 22/23 Eintracht Frankfurt
47%
Outgoings Norway LW Jens Petter Hauge 21/22 Eintracht Frankfurt
47%
Incomings Argentina CB Mateo Musacchio 17/18 Villarreal
47%
Outgoings Denmark ST Jon Dahl Tomasson 05/06 Stuttgart
45%
Outgoings Italy DM Manuel Locatelli 19/20 Sassuolo
45%
Incomings Germany ST Oliver Bierhoff 98/99 Udinese
45%
Incomings Argentina DM Fernando Redondo 00/01 Real Madrid
43%
Incomings Italy ST Giampaolo Pazzini 12/13 Inter Milan
43%
Outgoings France DM Patrick Vieira 96/97 Arsenal
43%
Incomings France AM Yacine Adli 21/22 Bordeaux
43%
Incomings Italy SS Antonio Cassano 10/11 Sampdoria
42%
Outgoings Italy SS Antonio Cassano 12/13 Inter Milan
42%
Incomings Uruguay LB Diego Laxalt 18/19 Genoa
42%
Outgoings Uruguay LB Diego Laxalt 21/22 Dynamo Moscow
42%
Incomings Greece CB Sokratis Papastathopoulos 10/11 Genoa
42%
Outgoings Greece CB Sokratis Papastathopoulos 11/12 Genoa
42%
Incomings Italy ST Alessandro Matri 13/14 Juventus
40%
Outgoings Italy ST Alessandro Matri 07/08 Cagliari
40%
Outgoings Italy ST Alessandro Matri 16/17 Sassuolo
40%
Incomings Italy CM Giacomo Bonaventura 14/15 Atalanta
40%
Incomings Italy ST Marco Borriello 08/09 Genoa
40%
Outgoings Italy ST Marco Borriello 11/12 Roma
40%
Outgoings Italy ST Marco Borriello 07/08 Genoa
40%
Outgoings Italy DM Bryan Cristante 14/15 Benfica
38%
Incomings Italy RB Christian Panucci 93/94 Genoa
38%
Outgoings Italy RB Christian Panucci 96/97 Real Madrid
38%
Incomings Argentina CM Jose Sosa 16/17 Besiktas
38%
Outgoings Argentina CM Jose Sosa 17/18 Trabzonspor
38%
Outgoings Argentina CM Jose Sosa 17/18 Trabzonspor
38%
Incomings Slovakia CM Juraj Kucka 15/16 Genoa
38%
Outgoings Slovakia CM Juraj Kucka 17/18 Trabzonspor
38%
Outgoings Gabon ST Pierre-Emerick Aubameyang 11/12 Saint-Etienne
38%
Incomings Italy RB Ignazio Abate 09/10 Torino
36%
Outgoings Italy RB Ignazio Abate 08/09 Torino
36%
Incomings Senegal ST M'Baye Niang 12/13 Caen
36%
Outgoings Senegal ST M'Baye Niang 18/19 Torino
36%
Outgoings Senegal ST M'Baye Niang 17/18 Torino
36%
Incomings Italy CM Andrea Poli 13/14 Sampdoria
34%
Incomings Brazil DM Emerson 07/08 Real Madrid
34%
Incomings Paraguay CB Gustavo Gomez 16/17 Lanus
34%
Outgoings Paraguay CB Gustavo Gomez 18/19 Palmeiras
34%
Outgoings Paraguay CB Gustavo Gomez 20/21 Palmeiras
34%
Incomings Italy RB Massimo Oddo 06/07 Lazio
34%
Outgoings Italy RB Massimo Oddo 00/01 Hellas Verona
34%
Incomings Italy SS Roberto Baggio 95/96 Juventus
34%
Outgoings Italy SS Roberto Baggio 97/98 Bologna
34%
Incomings France CB Adil Rami 14/15 Valencia
32%
Outgoings France CB Adil Rami 15/16 Sevilla
32%
Incomings Denmark RW Brian Laudrup 93/94 Fiorentina
32%
Incomings Montenegro AM Dejan Savicevic 92/93 Crvena Zvezda
32%
Outgoings Italy LB Francesco Coco 02/03 Inter Milan
32%
Outgoings Italy LB Francesco Coco 01/02 Barcelona
32%
Outgoings Italy CB Luigi Sala 01/02 Atalanta
32%
Outgoings France ST Jeremy Menez 16/17 Bordeaux
30%
Incomings Italy LB Luca Antonini 08/09 Empoli
30%
Outgoings Italy LB Luca Antonini 03/04 Sampdoria
30%
Outgoings Netherlands RB Michael Reiziger 97/98 Barcelona
30%
Incomings Italy CM Andrea Bertolacci 15/16 Roma
28%
Incomings Italy CB Daniele Bonera 06/07 Parma
28%
Incomings Croatia RB Dario Simic 02/03 Inter Milan
28%
Incomings Guinea CM Kevin Constant 12/13 Genoa
28%
Outgoings Guinea CM Kevin Constant 14/15 Trabzonspor
28%
Incomings Brazil ST Ricardo Oliveira 06/07 Real Betis
28%
Outgoings Brazil ST Ricardo Oliveira 08/09 Real Zaragoza
28%
Outgoings Brazil ST Ricardo Oliveira 07/08 Real Zaragoza
28%
Incomings Brazil AM Leonardo 97/98 Paris Saint-Germain
26%
Incomings Argentina CB Roberto Ayala 98/99 Napoli
26%
Outgoings Argentina CB Roberto Ayala 00/01 Valencia
26%
Incomings Brazil LM Serginho 99/00 Sao Paulo
26%
Incomings Spain ST Jose Mari 99/00 Atletico Madrid
25%
Outgoings Spain ST Jose Mari 03/04 Villarreal
25%
Incomings Brazil CB Leo Duarte 19/20 Flamengo
25%
Outgoings Brazil CB Leo Duarte 22/23 Basaksehir
25%
Incomings Argentina CB Marco Pellegrino 23/24 Platense
25%
Outgoings England ST Mark Hateley 87/88 Monaco
25%
Incomings Italy RM Roberto Donadoni 86/87 Atalanta
25%
Outgoings Kazakhstan CM Alexander Merkel 11/12 Genoa
23%
Incomings Sweden ST Andreas Andersson 97/98 Goteborg
23%
Outgoings Sweden ST Andreas Andersson 97/98 Newcastle United
23%
Incomings Spain ST Javi Moreno 01/02 Alaves
23%
Outgoings Spain ST Javi Moreno 02/03 Atletico Madrid
23%
Outgoings Italy GK Marco Storari 10/11 Juventus
23%
Incomings Slovenia AM Valter Birsa 13/14 Genoa
23%
Incomings France ST Christophe Dugarry 96/97 Bordeaux
21%
Outgoings France ST Christophe Dugarry 97/98 Barcelona
21%
Incomings Romania RB Cosmin Contra 01/02 Alaves
21%
Outgoings Romania RB Cosmin Contra 02/03 Atletico Madrid
21%
Incomings Argentina CB Fabricio Coloccini 99/00 Boca Juniors
21%
Outgoings Argentina CB Fabricio Coloccini 04/05 Deportivo La Coruna
21%
Incomings Italy LB Luca Antonelli 15/16 Genoa
21%
Outgoings Italy SS Marco Simone 97/98 Paris Saint-Germain
21%
Incomings Brazil CB Roque Junior 00/01 Palmeiras
21%
Incomings Denmark RB Thomas Helveg 98/99 Udinese
21%
Incomings Germany LM Christian Ziege 97/98 Bayern Munich
19%
Outgoings Germany LM Christian Ziege 99/00 Middlesbrough
19%
Outgoings Italy CM Cristian Brocchi 08/09 Lazio
19%
Incomings Italy RW Gianluigi Lentini 92/93 Torino
19%
Incomings Italy GK Marco Amelia 11/12 Genoa
19%
Incomings Serbia ST Marko Lazetic 21/22 Crvena Zvezda
19%
Outgoings Italy ST Paolo Di Canio 96/97 Celtic
19%
Outgoings Brazil CB Rodrigo Ely 17/18 Alaves
19%
Incomings Sweden LM Jesper Blomqvist 96/97 Goteborg
17%
Outgoings Sweden LM Jesper Blomqvist 97/98 Parma
17%
Outgoings Argentina LB Leonel Vangioni 17/18 Monterrey
17%
Incomings Denmark CB Martin Laursen 02/03 Parma
17%
Outgoings Denmark CB Martin Laursen 04/05 Aston Villa
17%
Outgoings Italy RB Matteo Darmian 10/11 Palermo
17%
Outgoings Sierra Leone DM Rodney Strasser 13/14 Genoa
17%
Outgoings Sierra Leone DM Rodney Strasser 10/11 Genoa
17%
Incomings Belarus ST Vitali Kutuzov 01/02 BATE Borisov
17%
Outgoings Belarus ST Vitali Kutuzov 04/05 Sampdoria
17%
Outgoings Netherlands CB Winston Bogarde 97/98 Barcelona
17%
Incomings Poland CB Bartosz Salamon 12/13 Brescia
15%
Outgoings Poland CB Bartosz Salamon 13/14 Sampdoria
15%
Incomings Italy AM Riccardo Saponara 13/14 Empoli
15%
Outgoings Italy AM Riccardo Saponara 15/16 Empoli
15%
Incomings Italy ST Alberto Paloschi 10/11 Genoa
13%
Outgoings Italy ST Alberto Paloschi 08/09 Parma
13%
Incomings Italy CB Francesco Acerbi 12/13 Chievo Verona
13%
Outgoings Italy CB Francesco Acerbi 12/13 Genoa
13%
Outgoings Switzerland DM Johann Vogel 06/07 Real Betis
13%
Incomings Turkey RM Umit Davala 01/02 Galatasaray
13%
Outgoings Turkey RM Umit Davala 02/03 Inter Milan
13%
Outgoings Italy ST Andrea Petagna 15/16 Atalanta
11%
Incomings Italy CB Cristian Zaccardo 12/13 Parma
11%
Outgoings Italy RB Cristian Zenoni 01/02 Juventus
11%
Outgoings Italy CB Davide Astori 08/09 Cagliari
11%
Incomings Spain LB Didac Vila 10/11 Espanyol
11%
Outgoings Italy ST Luca Saudati 01/02 Atalanta
11%
Outgoings Italy ST Luca Saudati 00/01 Perugia
11%
Incomings Italy DM Massimo Donati 01/02 Atalanta
11%
Outgoings Italy DM Massimo Donati 07/08 Celtic
11%
Incomings France CB Bruno N'Gotty 98/99 Paris Saint-Germain
9%
Outgoings France CB Bruno N'Gotty 99/00 Venezia
9%
Outgoings Brazil ST Giovane Elber 94/95 Stuttgart
9%
Incomings Argentina CB Jose Chamot 99/00 Atletico Madrid
9%
Outgoings Italy AM Simone Verdi 16/17 Bologna
9%
Incomings Brazil CB Andre Cruz 97/98 Napoli
8%
Incomings Romania ST Florin Raducioiu 94/95 Brescia
8%
Outgoings Romania ST Florin Raducioiu 94/95 Espanyol
8%
Outgoings Italy GK Giovanni Galli 90/91 Napoli
8%
Outgoings Italy CM Matteo Pessina 17/18 Atalanta
8%
Outgoings France CM Vikash Dhorasoo 05/06 Paris Saint-Germain
8%
Incomings Argentina LM Andres Guglielminpietro 98/99 Gimnasia
6%
Outgoings Ivory Coast CB Cyril Domoraud 03/04 Espanyol
6%
Outgoings Italy RM Diego Fuser 92/93 Lazio
6%
Outgoings Italy ST Luca Vido 17/18 Atalanta
6%
Incomings Brazil CB Marcus Diniz 08/09 Livorno
6%
Outgoings Italy AM Davide Di Gennaro 08/09 Genoa
4%
Incomings Italy ST Giacomo Beretta 13/14 Genoa
4%
Outgoings Argentina LB Leandro Grimi 08/09 Sporting CP
4%
Outgoings Italy CB Lino Marzorati 08/09 Empoli
4%
Outgoings Italy DM Marco Donadel 05/06 Fiorentina
4%
Outgoings Italy ST Nicola Pozzi 06/07 Empoli
4%
Outgoings Italy CM Paolo Sammarco 08/09 Sampdoria
4%
Outgoings Italy AM Pasquale Foggia 06/07 Lazio
4%
Outgoings Italy CB Romano Perticone 08/09 Livorno
4%
Incomings Italy CM Nicola Corrent 01/02 Salernitana
2%
Outgoings Italy GK Paolo Ginestra 01/02 Inter Milan
2%
No matching quizzes found
Score Distribution
Percent of People with Each Score
Percentile by Number Answered
Your Score History
You have not taken this quiz